|
|
|
|
| LEADER |
00000nam0a2200000 4500 |
| 001 |
256209 |
| 005 |
20231101233108.0 |
| 035 |
|
|
|a (RuTPU)RU\TPU\book\278859
|
| 090 |
|
|
|a 256209
|
| 100 |
|
|
|a 20140407d1987 m y0rusy50 ca
|
| 101 |
0 |
|
|a rus
|
| 102 |
|
|
|a RU
|
| 105 |
|
|
|a a j 000zy
|
| 200 |
1 |
|
|a Линейная алгебра с элементами аналитической геометрии.
|e учебное пособие для техникумов
|f А. С. Солодовников, Г. А. Торопова
|
| 210 |
|
|
|a Москва
|c Высшая школа
|d 1987
|
| 215 |
|
|
|a 255 с.
|c ил.
|
| 225 |
1 |
|
|a Учебное пособие для техникумов
|
| 606 |
1 |
|
|a Линейная алгебра
|2 stltpush
|3 (RuTPU)RU\TPU\subj\40174
|9 60039
|
| 606 |
1 |
|
|a Аналитическая геометрия
|2 stltpush
|3 (RuTPU)RU\TPU\subj\28991
|9 52410
|
| 610 |
1 |
|
|a векторы
|
| 610 |
1 |
|
|a координаты
|
| 610 |
1 |
|
|a определители
|
| 610 |
1 |
|
|a уравнение линии
|
| 610 |
1 |
|
|a прямая на плоскости
|
| 610 |
1 |
|
|a линии второго порядка
|
| 610 |
1 |
|
|a прямая в пространстве
|
| 610 |
1 |
|
|a уравнение поверхности
|
| 610 |
1 |
|
|a поверхности второго порядка
|
| 610 |
1 |
|
|a системы линейных уравнений
|
| 610 |
1 |
|
|a векторные пространства
|
| 610 |
1 |
|
|a матрицы
|
| 610 |
1 |
|
|a евклидовы пространства
|
| 610 |
1 |
|
|a аффинные пространства
|
| 610 |
1 |
|
|a выпуклые многогранники
|
| 610 |
1 |
|
|a выпуклые множества
|
| 610 |
1 |
|
|a учебные пособия
|
| 675 |
|
|
|a 512.64(075.8)
|v 3
|
| 675 |
|
|
|a 514.12(075.8)
|v 3
|
| 700 |
|
1 |
|a Солодовников
|b А. С.
|g Александр Самуилович
|
| 701 |
|
1 |
|a Торопова
|b Г. А.
|g Галина Андреевна
|
| 801 |
|
1 |
|a RU
|b 63413507
|c 20140407
|
| 801 |
|
2 |
|a RU
|b 63413507
|c 20140920
|g RCR
|
| 942 |
|
|
|c BK
|